00706nam a2200205Ia 4500003000900000008004100009020001800050040001600068080002500084245012200109260003500231300001400266650002200280650001900302650001900321700003100340942000700371999001500378952010700393IN-BaIIA211028s9999 xx 000 0 eng d a0-12-014656-8 cIIA Library a047.1:621.38bAEE-56 0aAdvances in Electronics and Electron Physicsbvol. 56cedited by Claire Marton  aNew YorkbAcademic Pressc1910 axi, 473p. aElectronics91576 aElectrophysics aNASA Thesaurus aMarton, Claire., ed.94818 cBK c8725d8725 00104070aBANbKAVcGENd1986-06-11l0o047.1:621.38/ AEE-56p9600r2021-11-05w1986-06-11yBKG82.5